Cassell`s concise french English- English French Dictionary (Record no. 419789)

MARC details
000 -LEADER
fixed length control field 00370nam a2200157Ia 4500
008 - FIXED-LENGTH DATA ELEMENTS--GENERAL INFORMATION
fixed length control field 230605s1982 xx 000 0 und d
041 ## - LANGUAGE CODE
Language code of text/sound track or separate title eng
100 ## - MAIN ENTRY--PERSONAL NAME
Personal name Douglas
245 ## - TITLE STATEMENT
Title Cassell`s concise french English- English French Dictionary
260 ## - PUBLICATION, DISTRIBUTION, ETC.
Name of publisher, distributor, etc. Cassell
Date of publication, distribution, etc. 1982
300 ## - PHYSICAL DESCRIPTION
Extent 658p
365 ## - TRADE PRICE
Tax rate 1 10
520 ## - SUMMARY, ETC.
Summary, etc. Hard Board
520 ## - SUMMARY, ETC.
Summary, etc. Misc
650 ## - SUBJECT ADDED ENTRY--TOPICAL TERM
Topical term or geographic name entry element Dict.

No items available.